000 00595nam a22002175i 4500
001 168802
003 ES-MaACL
005 20250315062555.0
008 080610s2008 sp |||| | spa d
020 _a978-84-321-3672-6
080 _a821.134.2-14"19"
100 1 _aVaya, Diego.
_9137916
245 1 3 _aEl libro del viento /
_cDiego Vaya.
260 _aMadrid :
_bRialp,
_c2008.
300 _a60 p. ;
_c17 cm.
490 1 _aAdonáis ;
_v603
586 _aAccésit del Premio Adonáis 2007.
830 1 0 _aAdonáis
_v603
_9173743
852 4 _aES-MaACL
_jJ-23-603
999 _c168802
_d168802